[Event "POL-ch Academic (Women)"]
[Site "Chorzow"]
[Date "2021.05.14"]
[Round "2.1"]
[White "Mazur, Anna"]
[Black "Antolak, Julia"]
[Result "0-1"]
[WhiteElo "1739"]
[BlackElo "2306"]
[PlyCount "59"]
[EventDate "2021.05.14"]
[EventType "swiss (rapid)"]
[EventRounds "9"]
[EventCountry "POL"]
[SourceTitle "CBM 202 Extra"]
[Source "ChessBase"]
[SourceDate "2021.07.31"]
[SourceVersion "1"]
[SourceVersionDate "2021.07.31"]
[SourceQuality "1"]

1. e4 c5 2. Nf3 e6 3. d4 cxd4 4. Nxd4 Nf6 5. Nc3 d6 6. Bd3 Be7 7. 0-0 Nc6 8. Be3 a6 9. Kh1 Qc7 10. f4 Nxd4 11. Bxd4 e5 12. fxe5 dxe5 13. Be3 Be6 14. Qe2 0-0 15. Bg5 Ne8 16. Bxe7 Qxe7 17. Qh5 Qc7 18. Rae1 g6 19. Qh4 b5 20. a3 Rd8 21. Qg3 f6 22. Rd1 Nd6 23. Qf2 Qc6 24. Ne2 Nxe4 25. Bxe4 Qxe4 26. Nc3 Qf5 27. Qb6 Rxd1 28. Rxd1 Bc4 29. Qxa6 Qxc2 30. Rg1 0-1

[Event "POL-chT 2nd League"]
[Site "Poronin"]
[Date "2020.09.09"]
[Round "5.12"]
[White "Mirowska, Oliwia"]
[Black "Mazur, Anna"]
[Result "0-1"]
[WhiteElo "1855"]
[BlackElo "1731"]
[PlyCount "64"]
[EventDate "2020.09.05"]
[EventType "team-swiss"]
[EventRounds "9"]
[EventCountry "POL"]
[SourceTitle "CBM 198 Extra"]
[Source "ChessBase"]
[SourceDate "2020.11.30"]
[SourceVersion "1"]
[SourceVersionDate "2020.11.30"]
[SourceQuality "1"]
[WhiteTeam "Pilzno GKSz Hetman"]
[BlackTeam "Gliwice Politechnika Slaska"]
[WhiteTeamCountry "POL"]
[BlackTeamCountry "POL"]

1. Nf3 c5 2. g3 e6 3. Bg2 d5 4. d3 Nf6 5. 0-0 Be7 6. c3 Nc6 7. Qe1 e5 8. c4 d4 9. a3 0-0 10. Bd2 Qb6 11. Qc1 Re8 12. Bg5 e4 13. dxe4 Nxe4 14. Bxe7 Rxe7 15. Nbd2 Nxd2 16. Qxd2 Na5 17. Qg5 f6 18. Qh5 Nxc4 19. b4 Ne5 20. bxc5 Qxc5 21. Rfc1 Qd6 22. Rd1 Bg4 23. Qh4 g5 24. Nxg5 fxg5 25. Qxg5+ Rg7 26. Qd2 Rd8 27. Rab1 b6 28. Rb4 d3 29. Rxg4 Nxg4 30. Qa2+ Kh8 31. Rxd3 Qc7 32. Qd2 Rxd3 0-1

[Event "EU-ch rapid"]
[Site "Katowice"]
[Date "2017.12.16"]
[Round "1"]
[White "Mazur, Anna"]
[Black "Mohr, Georg"]
[Result "0-1"]
[WhiteElo "1696"]
[BlackElo "2473"]
[PlyCount "68"]
[EventDate "2017.12.16"]
[EventType "swiss (rapid)"]
[EventRounds "11"]
[EventCountry "POL"]
[SourceTitle "CBM 182 Extra"]
[Source "ChessBase"]
[SourceDate "2018.02.23"]
[SourceVersion "1"]
[SourceVersionDate "2018.02.23"]
[SourceQuality "1"]

1. e4 e6 2. d4 d5 3. exd5 exd5 4. c4 Nf6 5. Nc3 Be6 6. Nf3 h6 7. Be2 Nc6 8. 0-0 dxc4 9. Be3 a6 10. a4 Be7 11. Rc1 0-0 12. Qd2 Na5 13. Bd1 Nb3 14. Bxb3 cxb3 15. Rfd1 Nd5 16. Nxd5 Bxd5 17. Ne5 Re8 18. Nd3 Bf8 19. Nf4 Be4 20. Qc3 Bc2 21. Re1 a5 22. Qc4 Bb4 23. Re2 Ra6 24. Qb5 Rb6 25. Qh5 Rf6 26. Qg4 Re4 27. Qg3 Rfxf4 28. Bxf4 Rxe2 29. Bxh6 Qf6 30. Be3 Bd2 31. Bxd2 Rxd2 32. Qe3 Qxd4 33. Qe8+ Kh7 34. Rf1 Rd1 0-1

[Event "POL-chT 2nd League"]
[Site "Szklarska Poreba"]
[Date "2017.09.10"]
[Round "9.5"]
[White "Mazur, Anna"]
[Black "Murawko, Katarzyna"]
[Result "0-1"]
[WhiteElo "1693"]
[BlackElo "1988"]
[PlyCount "86"]
[EventDate "2017.09.02"]
[EventType "team-swiss"]
[EventRounds "9"]
[EventCountry "POL"]
[SourceTitle "CBM 180 Extra"]
[Source "ChessBase"]
[SourceDate "2017.10.06"]
[SourceVersion "1"]
[SourceVersionDate "2017.10.06"]
[SourceQuality "1"]
[WhiteTeam "Gliwice Politechnika Slaska"]
[BlackTeam "Debica Gryf"]
[WhiteTeamCountry "POL"]
[BlackTeamCountry "POL"]

1. e4 c5 2. Nf3 a6 3. Nc3 Nc6 4. d4 cxd4 5. Nxd4 e5 6. Nb3 Nf6 7. Be2 Bb4 8. Bf3 0-0 9. 0-0 d6 10. Nd5 Nxd5 11. exd5 Na5 12. c3 Nxb3 13. Qxb3 Bc5 14. Qc2 Bd7 15. b4 Ba7 16. Bd2 Rc8 17. Rac1 Bb5 18. Rfe1 f5 19. Be3 Bxe3 20. Rxe3 Qh4 21. Be2 Bxe2 22. Rxe2 Rc4 23. Qd3 b5 24. Re3 Qf6 25. f3 Qg5 26. Rce1 Rfc8 27. Rc1 Rxb4 28. Qd2 Rbc4 29. Rc2 b4 30. Qe1 Qd8 31. Rc1 Qb6 32. Kh1 bxc3 33. h3 Qa5 34. Re2 Qxd5 35. Rec2 Qc5 36. Qe2 h6 37. Qd3 e4 38. fxe4 fxe4 39. Qg3 e3 40. Re1 Re8 41. Qf3 Qe5 42. Qe2 d5 43. Rb1 Rf4 0-1

[Event "POL-chT 2nd League"]
[Site "Szklarska Poreba"]
[Date "2017.09.09"]
[Round "8.6"]
[White "Buchta, Agnieszka"]
[Black "Mazur, Anna"]
[Result "1/2-1/2"]
[WhiteElo "1835"]
[BlackElo "1693"]
[PlyCount "70"]
[EventDate "2017.09.02"]
[EventType "team-swiss"]
[EventRounds "9"]
[EventCountry "POL"]
[SourceTitle "CBM 180 Extra"]
[Source "ChessBase"]
[SourceDate "2017.10.06"]
[SourceVersion "1"]
[SourceVersionDate "2017.10.06"]
[SourceQuality "1"]
[WhiteTeam "Jastrzebie Zdroj Pionier"]
[BlackTeam "Gliwice Politechnika Slaska"]
[WhiteTeamCountry "POL"]
[BlackTeamCountry "POL"]

1. e4 c5 2. Nc3 e6 3. f4 a6 4. Nf3 Qc7 5. d3 Nc6 6. g3 Be7 7. Bg2 d6 8. 0-0 Nf6 9. Qe1 0-0 10. h3 b5 11. g4 Bb7 12. g5 Nd7 13. f5 b4 14. Ne2 exf5 15. exf5 Nce5 16. Nxe5 Bxg2 17. Nxd7 Bxf1 18. Nxf8 Bxe2 19. Qxe2 Bxf8 20. Bd2 Qd7 21. Qf3 Re8 22. Rf1 g6 23. f6 Re5 24. b3 d5 25. Bf4 Rf5 26. Qe3 Qe6 27. Qg3 c4 28. d4 Qe4 29. Qe3 Qxe3+ 30. Bxe3 Rxf1+ 31. Kxf1 cxb3 32. cxb3 Bd6 33. Kf2 Kf8 34. Kf3 Ke8 35. Bf4 Kd7 1/2-1/2

[Event "POL-chT 2nd League"]
[Site "Szklarska Poreba"]
[Date "2017.09.06"]
[Round "5.3"]
[White "Mazur, Anna"]
[Black "Cieslak, Wiktoria"]
[Result "0-1"]
[WhiteElo "1693"]
[BlackElo "1824"]
[PlyCount "84"]
[EventDate "2017.09.02"]
[EventType "team-swiss"]
[EventRounds "9"]
[EventCountry "POL"]
[SourceTitle "CBM 180 Extra"]
[Source "ChessBase"]
[SourceDate "2017.10.06"]
[SourceVersion "1"]
[SourceVersionDate "2017.10.06"]
[SourceQuality "1"]
[WhiteTeam "Gliwice Politechnika Slaska"]
[BlackTeam "Rybnik"]
[WhiteTeamCountry "POL"]
[BlackTeamCountry "POL"]

1. e4 c5 2. Nc3 Nc6 3. g3 g6 4. Bg2 Bg7 5. d3 d6 6. f4 e6 7. Nf3 Nge7 8. 0-0 0-0 9. Be3 Rb8 10. Rb1 Nd4 11. Ne2 Nec6 12. c3 Nxf3+ 13. Rxf3 f5 14. Rf2 Qe7 15. h3 Bd7 16. Bh1 b5 17. b4 e5 18. bxc5 dxc5 19. Rh2 a5 20. Rc1 Kh8 21. Bf3 Qd6 22. d4 cxd4 23. cxd4 exd4 24. e5 Qa3 25. Qb3 Qxb3 26. axb3 Nxe5 27. Nxd4 Nxf3+ 28. Nxf3 a4 29. bxa4 bxa4 30. Ne5 Be6 31. Ra1 Rb3 32. Bd4 a3 33. Re2 Bd5 34. Kf2 Rd3 35. Bc5 Ra8 36. Re3 Rxe3 37. Kxe3 a2 38. g4 Ra4 39. Bd4 Kg8 40. gxf5 g5 41. fxg5 Bxe5 42. Bxe5 Re4+ 0-1

[Event "POL-chT 2nd League"]
[Site "Szklarska Poreba"]
[Date "2017.09.03"]
[Round "2.3"]
[White "Gosciniak, Maria"]
[Black "Mazur, Anna"]
[Result "1-0"]
[WhiteElo "2070"]
[BlackElo "1693"]
[PlyCount "127"]
[EventDate "2017.09.02"]
[EventType "team-swiss"]
[EventRounds "9"]
[EventCountry "POL"]
[SourceTitle "CBM 180 Extra"]
[Source "ChessBase"]
[SourceDate "2017.10.06"]
[SourceVersion "1"]
[SourceVersionDate "2017.10.06"]
[SourceQuality "1"]
[WhiteTeam "Grzybowo GKSz Solny"]
[BlackTeam "Gliwice Politechnika Slaska"]
[WhiteTeamCountry "POL"]
[BlackTeamCountry "POL"]

1. e4 c5 2. Nf3 e6 3. d4 cxd4 4. Nxd4 a6 5. Bd3 Nf6 6. 0-0 Qc7 7. c4 Be7 8. Nc3 b6 9. Be3 d6 10. f4 Nbd7 11. Rc1 0-0 12. b4 Bb7 13. Qe2 Rac8 14. Kh1 Qb8 15. a3 Qa8 16. Bg1 d5 17. cxd5 exd5 18. e5 Ne4 19. Na4 b5 20. Nb2 Rfe8 21. Rxc8 Rxc8 22. Nd1 Bf8 23. Qg4 Rd8 24. Ne3 Qc8 25. Ne2 Qc6 26. Rc1 Qb6 27. Qh4 d4 28. Ng4 Nb8 29. Ng3 Nxg3+ 30. Qxg3 Kh8 31. f5 Rc8 32. Rxc8 Bxc8 33. Qf4 Nc6 34. h3 Qa7 35. f6 g6 36. Nh6 Be6 37. Ng4 Qd7 38. Nh2 Qd5 39. Nf3 Qb3 40. Be4 Bd5 41. Nxd4 Nxd4 42. Bxd4 Qd1+ 43. Bg1 Be6 44. Bb7 Qd3 45. Qe3 Qf1 46. Kh2 h5 47. Qd2 Kh7 48. Be3 Qa1 49. Bd4 Qxa3 50. Bc3 Bh6 51. Qd4 Qc1 52. Kg3 h4+ 53. Kf2 Bf4 54. Be4 Bg3+ 55. Ke2 Bc4+ 56. Bd3 Qh1 57. Bxc4 Qxg2+ 58. Kd1 bxc4 59. Qxc4 Qf3+ 60. Kc2 Qf5+ 61. Kb3 Kg8 62. Qxa6 Qxh3 63. Qa8+ Kh7 64. Qf8 1-0

[Event "POL-chT U19 1st League"]
[Site "Karpacz"]
[Date "2013.07.24"]
[Round "3"]
[White "Mazur, Anna"]
[Black "Czaplewska, Klara"]
[Result "0-1"]
[WhiteElo "1716"]
[BlackElo "1689"]
[PlyCount "108"]
[EventDate "2013.07.22"]
[EventType "team-tourn"]
[EventRounds "9"]
[EventCountry "POL"]
[SourceTitle "EXT 2014"]
[Source "ChessBase"]
[SourceDate "2013.11.20"]
[SourceVersion "1"]
[SourceVersionDate "2013.11.20"]
[SourceQuality "1"]
[WhiteTeam "Katowice Hetman Szopienice U19"]
[BlackTeam "Koszalin Hetman Politechnika U19"]
[WhiteTeamCountry "POL"]
[BlackTeamCountry "POL"]

1. e4 e5 2. Nf3 Nc6 3. Bb5 a6 4. Ba4 d6 5. 0-0 Bd7 6. c3 g6 7. d4 Bg7 8. Re1 Qe7 9. d5 Nb8 10. Bc2 Nf6 11. Bg5 h6 12. Bd2 0-0 13. Qc1 Kh7 14. Na3 Nh5 15. Nc4 b5 16. Ne3 c6 17. a4 Nf6 18. axb5 cxd5 19. exd5 Bxb5 20. c4 Bd7 21. Bb4 Nh5 22. c5 Bb5 23. cxd6 Qd7 24. Qd1 f5 25. Rc1 Nf4 26. Bb1 Rc8 27. Rxc8 Qxc8 28. Nh4 e4 29. Qd2 Nd3 30. Bxd3 Bxd3 31. Rc1 Qd8 32. Rc7 Nd7 33. g3 Rc8 34. Ba5 Qe8 35. Qc1 Rb8 36. b4 Bb5 37. Ra7 Bd4 38. Nexf5 gxf5 39. Nxf5 Bg7 40. Bc7 Ra8 41. Rxa8 Qxa8 42. Ne7 Qf8 43. Qe3 Bd3 44. Qf4 Qxf4 45. gxf4 Bc3 46. Ba5 Bd2 47. f5 Kg7 48. Nc8 Kf6 49. Nb6 Nxb6 50. Bxb6 Bb5 51. Bc5 Kxf5 52. Kg2 Ke5 53. h4 Kxd5 54. Kg3 h5 0-1

[Event "POL-chT U19 1st League"]
[Site "Karpacz"]
[Date "2013.07.23"]
[Round "2"]
[White "Delekta, Anna"]
[Black "Mazur, Anna"]
[Result "1-0"]
[WhiteElo "1740"]
[BlackElo "1716"]
[PlyCount "57"]
[EventDate "2013.07.22"]
[EventType "team-tourn"]
[EventRounds "9"]
[EventCountry "POL"]
[SourceTitle "EXT 2014"]
[Source "ChessBase"]
[SourceDate "2013.11.20"]
[SourceVersion "1"]
[SourceVersionDate "2013.11.20"]
[SourceQuality "1"]
[WhiteTeam "Minsk Mazowiecki MTSz U19"]
[BlackTeam "Katowice Hetman Szopienice U19"]
[WhiteTeamCountry "POL"]
[BlackTeamCountry "POL"]

1. e4 c5 2. Nf3 a6 3. d4 cxd4 4. Nxd4 Nf6 5. Bd3 e5 6. Nb3 b5 7. Be3 Bb7 8. f3 Be7 9. 0-0 0-0 10. Nc3 d6 11. Qd2 Nbd7 12. Rad1 Qc7 13. Rf2 Rfd8 14. Nd5 Nxd5 15. exd5 Nf6 16. Be4 Nxe4 17. fxe4 a5 18. Rf3 a4 19. Nc1 Rac8 20. c3 a3 21. Rdf1 Rf8 22. Bh6 gxh6 23. Rg3+ Bg5 24. Rxg5+ hxg5 25. Qxg5+ Kh8 26. Qf6+ Kg8 27. Rf3 Rfe8 28. Qh6 Kh8 29. Rg3 1-0

[Event "POL-ch U18 Girls"]
[Site "Szczyrk"]
[Date "2013.??.??"]
[Round "9"]
[White "Mazur, Anna"]
[Black "Grochocinska, Urszula"]
[Result "1-0"]
[WhiteElo "1714"]
[BlackElo "1860"]
[PlyCount "101"]
[EventDate "2013.03.17"]
[EventType "swiss"]
[EventRounds "9"]
[EventCountry "POL"]
[SourceTitle "CBM 153 Extra"]
[Source "ChessBase"]
[SourceDate "2013.04.22"]
[SourceVersion "1"]
[SourceVersionDate "2013.04.22"]
[SourceQuality "1"]

1. e4 d6 2. d4 g6 3. Nc3 Bg7 4. Be3 Nd7 5. Qd2 c6 6. f4 Ngf6 7. h3 b5 8. e5 b4 9. exf6 bxc3 10. Qxc3 Nxf6 11. Qxc6+ Bd7 12. Qf3 Rb8 13. b3 Qc7 14. c4 Bc6 15. Qd1 Ne4 16. Ne2 Qa5+ 17. Bd2 Qh5 18. Rg1 Bf6 19. Qc2 0-0 20. 0-0-0 Nf2 21. g4 Qh4 22. Be1 Be4 23. Qc3 g5 24. Qd2 Nd3+ 25. Qxd3 Bxd3 26. Bxh4 Bxe2 27. Bxe2 gxh4 28. g5 Bg7 29. Rg4 f6 30. gxf6 Rxf6 31. Rdg1 Rf7 32. Bf3 e6 33. d5 e5 34. fxe5 Kh8 35. Rxg7 Rxg7 36. Rxg7 Kxg7 37. exd6 Kf6 38. c5 Ke5 39. Kd2 a5 40. Kc3 Rf8 41. Bh1 Rb8 42. a3 Kf6 43. Kc4 Kf7 44. c6 Ke8 45. c7 Ra8 46. Kc5 a4 47. b4 Kd7 48. Bf3 h5 49. Bxh5 Rg8 50. Bf7 Rb8 51. Be6+ 1-0

[Event "POL-ch U18 Girls"]
[Site "Szczyrk"]
[Date "2013.??.??"]
[Round "1"]
[White "Mazur, Anna"]
[Black "Maciazek, Aleksandra"]
[Result "1-0"]
[WhiteElo "1714"]
[BlackElo "1401"]
[PlyCount "51"]
[EventDate "2013.03.17"]
[EventType "swiss"]
[EventRounds "9"]
[EventCountry "POL"]
[SourceTitle "CBM 153 Extra"]
[Source "ChessBase"]
[SourceDate "2013.04.22"]
[SourceVersion "1"]
[SourceVersionDate "2013.04.22"]
[SourceQuality "1"]

1. e4 c5 2. Nf3 d6 3. d4 cxd4 4. Nxd4 Nf6 5. Nc3 Nc6 6. Be2 e5 7. Nb3 Be7 8. 0-0 a5 9. a4 0-0 10. f4 Be6 11. f5 Bd7 12. Kh1 Nb4 13. Bg5 Nxe4 14. Bxe7 Nxc3 15. bxc3 Qxe7 16. cxb4 axb4 17. a5 Bc6 18. Qe1 d5 19. Qg3 f6 20. Rad1 d4 21. Qe1 Rfc8 22. Bc4+ Kh8 23. Rxd4 Rd8 24. Rh4 Qe8 25. Rxh7+ Kxh7 26. Qh4+ 1-0

[Event "POL-ch U18 Girls"]
[Site "Szczyrk"]
[Date "2013.??.??"]
[Round "2"]
[White "Mazur, Anna"]
[Black "Mucha, Magdalena"]
[Result "0-1"]
[WhiteElo "1714"]
[BlackElo "1925"]
[PlyCount "106"]
[EventDate "2013.03.17"]
[EventType "swiss"]
[EventRounds "9"]
[EventCountry "POL"]
[SourceTitle "CBM 153 Extra"]
[Source "ChessBase"]
[SourceDate "2013.04.22"]
[SourceVersion "1"]
[SourceVersionDate "2013.04.22"]
[SourceQuality "1"]

1. e4 c5 2. Nf3 Nc6 3. Nc3 Nf6 4. d4 cxd4 5. Nxd4 d6 6. Bc4 e6 7. 0-0 Be7 8. Kh1 a6 9. f4 Qc7 10. Be2 Bd7 11. Be3 b5 12. a3 Rc8 13. Qe1 Nxd4 14. Bxd4 e5 15. fxe5 dxe5 16. Be3 h6 17. Qg3 g6 18. Rf2 Qd6 19. Rd1 Qe6 20. Bf3 h5 21. Rfd2 Bc6 22. Nd5 Bxd5 23. exd5 Qd6 24. Bg5 Nd7 25. Bxe7 Kxe7 26. Qg5+ Kf8 27. Re1 Kg7 28. Be4 Nf6 29. Bf3 Rce8 30. Rde2 Nd7 31. Be4 Nc5 32. Rd1 Nxe4 33. Rxe4 f5 34. Re3 Rc8 35. c3 Rhf8 36. Re2 Rc5 37. Red2 Rd8 38. Qe3 Rc4 39. h3 Re8 40. Qf2 Re7 41. Qe2 e4 42. Rd4 Rxd4 43. Rxd4 Re5 44. c4 bxc4 45. Qxc4 e3 46. Qe2 Qc5 47. Rd3 f4 48. b4 Qd6 49. Qd1 g5 50. Kg1 e2 51. Qe1 g4 52. hxg4 hxg4 53. Rd2 Qb6+ 0-1

[Event "POL Region-ch U17 Girls"]
[Site "Szczyrk"]
[Date "2012.10.21"]
[Round "5.1"]
[White "Leczycka, Agnieszka"]
[Black "Mazur, Anna"]
[Result "0-1"]
[WhiteElo "1236"]
[BlackElo "1696"]
[PlyCount "111"]
[EventDate "2012.10.14"]
[EventType "tourn"]
[EventRounds "4"]
[EventCountry "POL"]
[SourceTitle "EXT 2023"]
[Source "ChessBase"]
[SourceDate "2022.10.05"]
[SourceVersion "1"]
[SourceVersionDate "2022.10.05"]
[SourceQuality "1"]

1. e4 c5 2. Nf3 e6 3. d4 cxd4 4. Nxd4 a6 5. Bd3 Qc7 6. 0-0 Nf6 7. Qe2 d6 8. c4 b6 9. Nc3 Bb7 10. Bd2 Be7 11. f4 Nbd7 12. b4 Rc8 13. a3 0-0 14. Kh1 Rfd8 15. Rae1 Nf8 16. Qe3 N6d7 17. Qh3 Bf6 18. Nde2 Ba8 19. Rf3 Bc6 20. Rg3 g6 21. Rf1 Bg7 22. f5 Nf6 23. fxe6 fxe6 24. Rgf3 Qf7 25. Bg5 N8d7 26. Nd4 Re8 27. Nxc6 Rxc6 28. Qh4 Rf8 29. e5 Nxe5 30. Rxf6 Bxf6 31. Rxf6 Qe8 32. Rxf8+ Qxf8 33. Be2 Nf7 34. Ne4 Nxg5 35. Nxg5 Qe7 36. Qg4 d5 37. Nf3 Qf6 38. h3 dxc4 39. Bxc4 b5 40. Bb3 Kf8 41. Nd4 Rc1+ 42. Kh2 e5 43. Ne6+ Ke7 44. Nc5 Qf4+ 45. Qxf4 exf4 46. Nxa6 Ra1 47. Bg8 h6 48. Nc7 Rxa3 49. Nxb5 Ra4 50. Nc3 Ra8 51. Bd5 Rb8 52. b5 Kd6 53. Bc6 g5 54. Ne2 Ke5 55. Nc3 h5 56. Ne2 0-1

[Event "Rewal op-B 16th"]
[Site "Rewal"]
[Date "2011.08.23"]
[Round "4"]
[White "Budnik, Kazimierz"]
[Black "Mazur, Anna"]
[Result "0-1"]
[WhiteElo "1567"]
[BlackElo "1666"]
[PlyCount "68"]
[EventDate "2011.08.18"]
[EventType "swiss"]
[EventRounds "9"]
[EventCountry "POL"]
[SourceTitle "CBM 144 Extra"]
[Source "ChessBase"]
[SourceDate "2011.10.28"]
[SourceVersion "1"]
[SourceVersionDate "2011.10.28"]
[SourceQuality "1"]

1. e4 c5 2. f4 e6 3. Nf3 Qc7 4. d3 d5 5. Be2 Nc6 6. 0-0 Bd7 7. e5 Nge7 8. Nc3 Nf5 9. a3 Be7 10. Kh1 Nfd4 11. a4 a6 12. b3 Nb4 13. Nxd4 cxd4 14. Na2 Nxc2 15. Rb1 0-0 16. Rf3 b5 17. Rb2 Nb4 18. Nxb4 Bxb4 19. Rc2 Qb6 20. Rg3 g6 21. h4 bxa4 22. h5 axb3 23. Rb2 Ba4 24. Rxb3 Bxb3 25. Qxb3 Ba5 26. Qd1 Rac8 27. hxg6 fxg6 28. Bh5 Qb1 29. Kh2 Qxc1 30. Qf3 Rxf4 31. Rxg6+ hxg6 32. Qg3 Kf8 33. Qxg6 Rh4+ 34. Kg3 Qf4# 0-1

[Event "POL-ch U16 Girls"]
[Site "Murzasichle"]
[Date "2011.03.09"]
[Round "6"]
[White "Bednarczyk, Alicja"]
[Black "Mazur, Anna"]
[Result "0-1"]
[WhiteElo "1511"]
[BlackElo "1599"]
[PlyCount "108"]
[EventDate "2011.03.05"]
[EventType "swiss"]
[EventRounds "9"]
[EventCountry "POL"]
[SourceTitle "EXT 2013"]
[Source "ChessBase"]
[SourceDate "2012.11.22"]
[SourceVersion "1"]
[SourceVersionDate "2012.11.22"]
[SourceQuality "1"]

1. e4 c5 2. Nf3 e6 3. d4 cxd4 4. Nxd4 Nc6 5. Be3 Nf6 6. Bd3 a6 7. 0-0 Qc7 8. Nc3 Bb4 9. Nce2 d5 10. Nxc6 bxc6 11. Ng3 0-0 12. c3 Be7 13. Qd2 Rd8 14. e5 Ng4 15. f4 c5 16. Kh1 c4 17. Bc2 Rb8 18. Rab1 Bc5 19. Bd4 Bxd4 20. cxd4 Qe7 21. h3 Nh6 22. Qf2 g6 23. Ne2 Kh8 24. b3 cxb3 25. Rxb3 Bd7 26. Ng1 Rxb3 27. Bxb3 Bb5 28. Rc1 Nf5 29. Nf3 Bd3 30. Qd2 Ng3+ 31. Kh2 Nf1+ 32. Rxf1 Bxf1 33. Qf2 Bc4 34. Qc2 Bxb3 35. Qxb3 Qc7 36. Qb2 Rb8 37. Qf2 Qe7 38. Ng5 f5 39. Qh4 Rb4 40. Qf2 h6 41. Nf3 Kg7 42. Qe2 Qb7 43. Qf2 Rb2 44. Qh4 Qf7 45. a3 Ra2 46. Qd8 Rxa3 47. Qb6 a5 48. Qd8 a4 49. Qd6 Rb3 50. Nd2 Rd3 51. Qb4 a3 52. Nb3 a2 53. Qa4 Rxb3 54. Qxa2 Rc3 0-1

[Event "POL-ch U16 Girls"]
[Site "Murzasichle"]
[Date "2011.03.07"]
[Round "4"]
[White "Dembinska, Karolina"]
[Black "Mazur, Anna"]
[Result "0-1"]
[WhiteElo "1361"]
[BlackElo "1599"]
[PlyCount "108"]
[EventDate "2011.03.05"]
[EventType "swiss"]
[EventRounds "9"]
[EventCountry "POL"]
[SourceTitle "EXT 2013"]
[Source "ChessBase"]
[SourceDate "2012.11.22"]
[SourceVersion "1"]
[SourceVersionDate "2012.11.22"]
[SourceQuality "1"]

1. e4 c5 2. Nf3 e6 3. Nc3 a6 4. d4 cxd4 5. Nxd4 Qc7 6. g3 b5 7. Bg2 Bb7 8. Be3 Nf6 9. 0-0 b4 10. Nce2 Nxe4 11. Qd3 Nc5 12. Qd2 Bxg2 13. Kxg2 Nc6 14. Nf3 Ne5 15. Nxe5 Qxe5 16. Qxb4 Be7 17. Rad1 0-0 18. Qc3 Qxc3 19. Nxc3 d5 20. Ne2 Rfd8 21. Nd4 Rac8 22. c3 g6 23. Rfe1 e5 24. Nf3 f6 25. Rd2 Ne4 26. Rd3 Rb8 27. b3 Rbc8 28. Bd2 Bc5 29. Be3 Bxe3 30. Rexe3 Nc5 31. Rd1 g5 32. b4 Na4 33. a3 Rxc3 34. Rxc3 Nxc3 35. Rc1 d4 36. Nd2 Kf7 37. Kf3 f5 38. Nc4 e4+ 39. Kg2 Ke6 40. Kf1 Rc8 41. Nd2 Rc7 42. Nb1 Nb5 43. Rd1 Ke5 44. Ke2 Rc2+ 45. Ke1 Nc3 46. Nxc3 Rxc3 47. a4 Rb3 48. Rc1 e3 49. fxe3 dxe3 50. Ke2 Kd4 51. Rd1+ Ke4 52. Rd6 Rb2+ 53. Ke1 Kf3 54. Rd1 Rxh2 0-1